| 000 | 00578nam a22002057a 4500 | ||
|---|---|---|---|
| 003 | OSt | ||
| 005 | 20141024141926.0 | ||
| 008 | 141021b xxu||||| |||| 00| 0 eng d | ||
| 020 | _a978-84-7978-970-1 | ||
| 040 | _cBMC | ||
| 082 | _a658.11 | ||
| 082 | _a650.1 | ||
| 100 | 1 |
_aCajina, Gregory _926959 |
|
| 245 | 1 | 0 |
_aCoaching para emprender _b: cambia tu rumbo, despide a tu jefe _cGregory Cajina |
| 260 |
_aMadrid _bDíaz de Santos _ccop. 2010 |
||
| 300 |
_aXXV, 146 p. _c22 cm. |
||
| 650 | 2 | 4 |
_aEmprendedores _96296 |
| 650 | 2 | 4 |
_aÉxito en los negocios _910078 |
| 942 |
_2ddc _cBK |
||
| 999 |
_c14824 _d14824 |
||